000 01322nam a2200217Ia 4500
003 Ost
005 20260507075026.0
008 260507s9999||||xx |||||||||||||| ||und||
020 _a1262327977
040 _cfsecg
041 _aara
082 _a330
100 _aفرغلي، علي تسن
_eمؤلف
245 0 _aالرأسمالية اليهودية وأثرها على الحركة الصهيونية والتنظيمات الشيوعية 1897-1937 /
_c علي تسن فرغلي
260 _aالإسكندرية:
_bدار الوفاء لدينا للطباعة والنشر,
_c2002
300 _a256 صفحة؛
_bإيضاحات ؛
_c24 سم
520 _aالرأسمالية اليهودية في مصر حتى 1897- الرأسمالية اليهودية في مصر في مجال البنوك والتجارة والتأمين- الرأسمالية اليهودية في مصر في مجال الإنتاج والخدمات- أثر الرأسمالية اليهودية على حياة اليهود الإجتماعية- أثر الرأسمالية اليهودية في مصر على الحركة الصهيونية- اليهود والتنظيمات الشيوعية في مصر
653 _aالبنوك، التجارة، مصر، اليهود
653 _aالرأسمالية
942 _cكتاب
999 _c42333
_d42333